Bleach 235 Personnages sans Indices - Statistiques

Statistiques générales
  • Ce quiz a été pris 64 fois
  • Le résultat moyen est 61 sur 235
Statistiques - réponses
Numéro Personnage % Correct
1 Ichigo Kurosaki
100%
2 Rukia Kuchiki
93%
5 Yasutora Sado / Chad
89%
4 Orihime Inoue
84%
47 Sôsuke Aizen
84%
49 Byakuya Kuchiki
82%
33 Genryûsai Shigekuni Yamamoto
82%
70 Kenpachi Zaraki
82%
51 Renji Abarai
82%
6 Uryû Ishida
82%
39 Gin Ichimaru
80%
69 Rangiku Matsumoto
80%
63 Kaname Tôsen
78%
140 Ulquiorra Cifer
78%
21 Kisuke Urahara
76%
142 Grimmjow Jaegerjaquez
73%
59 Shunsui Kyôraku
73%
36 Soi Fon / Suì-Fêng
73%
68 Tôshirô Hitsugaya
73%
196 Yhwach
73%
22 Yoruichi Shihôin
69%
83 Jûshirô Ukitake
67%
78 Mayuri Kurotsuchi
67%
42 Retsu Unohana / Yachiru Unohana
67%
135 Coyote Starrk
64%
16 Isshin Kurosaki
64%
138 Tier Harribel
64%
18 Karin Kurosaki
62%
54 Sajin Komamura
62%
110 Shinji Hirako
62%
137 Baraggan Louisenbairn
60%
141 Nnoitra Gilga
60%
75 Ikkaku Madarame
58%
3 Kon
58%
48 Momo Hinamori
58%
139 Nelliel Tu Odelschwanck
58%
40 Izuru Kira
56%
112 Love Aikawa
53%
60 Nanao Ise
53%
145 Szayelaporro Granz
53%
147 Yammy Llargo
53%
197 Jugram Haschwalth
51%
19 Yuzu Kurosaki
51%
203 Bazzard Black / Bazz-B
49%
113 Lisa Yadômaru
49%
79 Nemu Kurotsuchi / Nanagô Nemuri
49%
200 Bambietta Basterbine
47%
114 Rôjûrô Ôtoribashi / Rose
47%
9 Tatsuki Arisawa
47%
76 Yumichika Ayasegawa
47%
94 Ichibê Hyôsube
44%
43 Isane Kotetsu
44%
64 Shûhei Hisagi
44%
119 Ganju Shiba
42%
17 Masaki Kurosaki
42%
34 Chôjirô Sasakibe
40%
218 Gremmy Thoumeaux
40%
115 Kensei Muguruma
40%
37 Marechiyo Ômaeda
40%
55 Tetsuzaemon Iba
40%
25 Ururu Tsumugiya
40%
74 Yachiru Kusajishi
40%
146 Aaroniero Arruruerie
38%
208 Gerard Valkyrie
38%
111 Hiyori Sarugaki
38%
222 Lille Barro
38%
46 Hanatarô Yamada
36%
84 Kaien Shiba
36%
27 Ryûken Ishida
36%
199 Askin Nakk Le Vaar
33%
201 Äs Nödt
33%
24 Jinta Hanakari
33%
7 Keigo Asano
33%
189 Kûgo Ginjô
33%
144 Zommari Rureaux
33%
198 Pernida Parnkgjas
31%
190 Riruka Dokugamine
31%
98 Senjumaru Shutara
31%
228 Zangetsu (Quincy)
31%
229 Zangetsu (White)
31%
80 Akon
29%
216 Candice Catnipp
29%
117 Hachigen Ushôda
29%
118 Kûkaku Shiba
29%
202 Liltotto Lamperd
29%
232 Lily
29%
97 Ôetsu Nimaiya
29%
90 Ryûnosuke Yuki
29%
195 Shûkurô Tsukishima
29%
23 Tessai Tsukabishi
29%
225 Giselle Gewelle
27%
181 Grand Fisher
27%
96 Kirio Hikifune
27%
136 Lilynette Gingerbuck
27%
116 Mashiro Kuna
27%
207 PePe Waccabrada
27%
191 Yukio Hans Vorarlberna
27%
26 Don Kanonji
24%
50 Ginrei Kuchiki
24%
86 Kiyone Kotetsu
24%
143 Luppi Antenor
24%
8 Mizuiro Kojima
24%
164 Pesche Guatiche
24%
192 Jackie Tristan
22%
214 Mask De Masculine
22%
223 Royd Lloyd
22%
206 BG9
20%
155 Charlotte Chuhlhourne
20%
165 Dondochakka Birstanne
20%
168 Franceska Mila Rose
18%
193 Giriko Kutsuzawa
18%
205 Quilge Opie
18%
95 Tenjirô Kirinji
18%
204 Cang Du
16%
169 Cyan Sung-Sun
16%
35 Genshirô Okikiba
16%
122 Jidanbô Ikkanzaka
16%
72 Kenpachi Azashiro / Sôya Azashiro
16%
224 Loyd Lloyd
16%
194 Moe Shishigawara
16%
82 Rin Tsubokura
16%
85 Sentarô Kotsubaki
16%
171 Wonderweiss Margela
16%
167 Emilou Apacci
13%
215 James
13%
71 Kenpachi Kuruyashiki
13%
211 Meninas McAllon
13%
217 NaNaNa Najahkoop
13%
209 Robert Accutrone
13%
226 Roi Spirituel Adnyeus
13%
166 Tesra Lindocruz
13%
151 Yylfordt Granz
13%
156 Abirama Redder
11%
10 Chizuru Honshô
11%
179 Cirucci Sanderwicci
11%
152 Di Roy Rinker
11%
210 Driscoll Berci
11%
149 Edrad Liones
11%
157 Findorr Calius
11%
159 Ggio Vega
11%
213 Jerome Guizbatt
11%
20 Kazui Kurosaki
11%
221 Nianzol Weizol
11%
220 Shaz Domino
11%
125 Yûshirô Shihôin
11%
182 Acidwire / Sora Inoue
9%
56 Atau Rindô
9%
212 Berenice Gabrielli
9%
158 Choe Neng Poww
9%
178 Dordoni Alessandro Del Socaccio
9%
219 Guenael Lee
9%
93 Ichika Abarai
9%
30 Ikumi Unagiya
9%
28 Kanae Katagiri
9%
227 Mimihagi
9%
150 Nakeem Grindina
9%
188 White
9%
123 Yûichi Shibata
9%
176 Asguiaro Ebern
7%
187 Ayon
7%
185 Bawabawa
7%
99 Chika Shihôin
7%
180 Gantenbainne Mosqueda
7%
124 Hisana Kuchiki
7%
73 Kenpachi Kiganjô
7%
163 Kukkapûro
7%
161 Loly Aivirrne
7%
162 Menoly Mallia
7%
160 Nirgge Parduoc
7%
32 Oscar Joaquín de la Rosa
7%
12 Ryô Kunieda
7%
44 Seinosuke Yamada
7%
148 Shawlong Koufang
7%
91 Shino Madarame
7%
183 Shrieker
7%
29 Sôken Ishida
7%
230 Tsubaki
7%
45 Yasochika Iemura
7%
61 Yuyu Yayahara
7%
233 Ayame
4%
234 Baigon
4%
102 Danjirô Obana
4%
235 Hinagiku
4%
58 Jirôbô Ikkanzaka
4%
31 Kaoru Unagiya
4%
173 Lumina
4%
13 Mahana Natsui
4%
77 Makizô Aramaki
4%
38 Marenoshin Ômaeda
4%
175 Medazeppi
4%
184 Metastacia
4%
11 Michiru Ogawa
4%
172 Roka Paramia
4%
186 Runuganga
4%
66 Shinobu Eishima
4%
174 Verona
4%
89 Zennosuke Kurumadani
4%
153 Aisslinger Wernarr
2%
105 Batsu'unsai Katori / Unsai Katoribatsu
2%
101 Chigiri Shijima
2%
41 Chikane Iba
2%
154 Demoura Zodd
2%
106 Entetsu Kumoi
2%
103 Furôfushi Saitô
2%
107 Furuoki Ôtogawa
2%
65 Heizô Kasaki
2%
88 Hidetomo Kajômaru
2%
81 Hiyosu
2%
126 Isuzu Ise
2%
67 Izaemon Tôdô
2%
92 Kakyô
2%
134 Kazuhiro
2%
133 Kazuo
2%
120 Koganehiko
2%
177 Luders Friegen
2%
128 Mera Hiuchigashima
2%
15 Misato Ochi
2%
87 Miyako Shiba
2%
14 Mizuho Asano
2%
104 Nobutsuna Shigyô
2%
131 Nonomi Nomino
2%
53 Rikichi Yuki
2%
170 Rudbornn Chelute
2%
109 Saizô Sakahone
2%
121 Shiroganehiko
2%
231 Shun'ô
2%
127 Shunzan Kyôraku
2%
52 Sôjun Kuchiki
2%
62 Tatsufusa Enjôji
2%
129 Tokie Tonokawa
2%
108 Uhin Zenjôji
2%
130 Hasuka Hashihara
0%
57 Jinemon Kotsubaki
0%
100 Kinroku Izuhara
0%
132 Tsumiko Tsuchimiya
0%
Aucun quiz correspondant
Distribution des résultats
% des personnes avec chaque résultat
Percentile par nombre de réponses
Votre historique - résultats
Vous n’avez pas pris ce quiz